Od logických obvodů k mikroprocesorům

Saved in:
Bibliographic Details
Main Author: Bernard, Jean-Michel
Other Authors: Hugon, Jean, Corvec, Robert Le
Format: Book
Language:Czech
Published: Praha Státní nakladatelství technické literatury 1986
Edition:1. vyd.
Tags: Add Tag
No Tags, Be the first to tag this record!

MARC

LEADER 00000nam a2200000 4500
001 c024779
005 20250522112657.3
041 0 |a cze 
044 |a CZ 
245 1 0 |a Od logických obvodů k mikroprocesorům  |c Jean-Michel Bernard, Jean Hugon, Robert Le Corvec ; [Z fran. prel.] Vladimír Drábek 
250 |a 1. vyd. 
264 1 |a Praha  |b Státní nakladatelství technické literatury  |c 1986 
300 |a 686 s. 
100 1 |a Bernard, Jean-Michel 
700 1 |a Hugon, Jean 
700 1 |a Corvec, Robert Le